00673nam a2200193 i 4500003000900000005001700009007000300026008004100029040003000070082002000100100003000120245013000150264005200280300004100332336002700373337003300400338002800433490001800461DO-SdBNP20260321073645.0ta210922b2012 dr o|||| |||| 00| 0 eng d aDO-SdBNPbspacBNPHUerda 4axxxxbB742p2221 a Bosch, Juan, d1909-200113aLa política no es un negocio :ba 50 años de la elección presidencial de Juan Bosch y la victoria popular /cJuan Bosch 1aSanto Domingo :bFundación Juan Bosch,c2012. a69 páginasbfotografías c23 cm. 2rdacontentatextobtxt 2rdamediaasin mediaciónbn 2rdacarrieravolumenbnc1 aBosch vivev2